| 000 | 00348nam a2200133Ia 4500 | ||
|---|---|---|---|
| 008 | 240624s9999 xx 000 0 und d | ||
| 041 | _aeng | ||
| 082 | _a828 BAR | ||
| 100 | _aBARU SANJAYA | ||
| 245 | _a1991 HOW P V NARASIMHA RAO MADE HISTORY | ||
| 260 |
_c2016 _aNew Delhi _bAleph Book Company |
||
| 300 | _a224 : p. : cm. ; 26 | ||
| 365 |
_cRS _b30 |
||
| 999 |
_c28554 _d28554 |
||